श्री समर्थ चरित्र (Record no. 100428)

MARC details
000 -LEADER
fixed length control field 00515nam a2200157Ia 4500
008 - FIXED-LENGTH DATA ELEMENTS--GENERAL INFORMATION
fixed length control field 090124s9999 xx 000 0 und d
082 ## - DEWEY DECIMAL CLASSIFICATION NUMBER
Item number 34492
245 ## - TITLE STATEMENT
Title श्री समर्थ चरित्र
250 ## - EDITION STATEMENT
Edition statement 3
260 ## - PUBLICATION, DISTRIBUTION, ETC. (IMPRINT)
Name of publisher, distributor, etc कॉन्टिनेन्टल प्रकाशन
Date of publication, distribution, etc 1989
300 ## - PHYSICAL DESCRIPTION
Extent 279
630 ## - SUBJECT ADDED ENTRY--UNIFORM TITLE
Uniform title श्री समर्थ चरित्र
700 ## - ADDED ENTRY--PERSONAL NAME
Personal name अकोलकर ग. वि.
730 ## - ADDED ENTRY--UNIFORM TITLE
Uniform title श्री समर्थ चरित्र
942 ## - ADDED ENTRY ELEMENTS (KOHA)
Koha item type Book
Holdings
Withdrawn status Lost status Damaged status Not for loan Home library Current library Date acquired Cost, normal purchase price Total Checkouts Full call number Barcode Date last seen Cost, replacement price Price effective from Koha item type
        Nagar Wachan Mandir, Thane Nagar Wachan Mandir, Thane   35.00   34492 THNNWM-34492 01/24/2009 35.00 01/24/2009 Book